000 00778cam a22002651 4500
001 7537500
003 ARRUPE
005 20141002140132.0
008 730618s1966 enka b 001 0 eng
010 _a 66067339
035 _a(OCoLC)643876
040 _aDLC
_cOCX
_dOCoLC
_dDLC
042 _apremarc
050 0 0 _aBR115.W6
_bW53
082 _a261.87
100 1 _aWilson, Bryan R.
_911939
245 1 0 _aReligion in secular society:
_ba sociological comment,
_cby Bryan R. Wilson.
260 _aLondon,
_bWatts,
_c1966
300 _axix, 252 p.
_btables.
_c19 cm.
490 0 _aNew thinker's library
504 _aBibliography: p. 236-245.
650 0 _aChurch and the world.
_911940
906 _a7
_bcbc
_coclcrpl
_du
_encip
_f19
_gy-gencatlg
942 _2lcc
_cMONOGRAPH
999 _c121037
_d121037